01379 am a22003135a 4500001001000000003000400010005001700014008004100031020001800072020001500090040003600105082002000141100003000161245010100191250002400292260005000316300002900366500027000395500002700665504005300692650003400745650004200779651001000821653002400831700002900855942000800884999001700892952015600909017468201OSt20201128023945.0150731t2016 enka frbd 001 0 eng d a9781292095370 a1292095377 aUkOxUbengcUkOxUdUkdEG-ScBUE04a658.11222bBAR1 aBarringer, Bruce R.9311510aEntrepreneurship :bsuccessfully launching new ventures /cBruce R. Barringer, R. Duane Ireland. a5th ed., Global ed. aHarlow :bPearson Education Limited,cc.2016. a590 p. :bill. ;c28 cm. a"Authorized adaptation from the United States edition, entitled Entrepreneurship: Successfully Launching New Ventures, 5th edition, ISBN 978-0-13-379719-0, by Bruce R. Barringer and R. Duane Ireland, published by Pearson Education, Inc. © 2016."--Title page verso. aGlossary : p. 570-579. aIncludes bibliographical references and indexes. 7aEntrepreneurship.2BUEsh9240 7aNew business enterprises.2BUEsh9239 2BUEsh bBUSADMcOctober20161 aIreland, R. Duane,93119 2ddc c22908d22880 00102ddc40708BaccahaMAINbMAINc1STd2016-10-30ePurchaseg480.00h25136l4m2o658.11 BARp000034618r2025-07-15 00:00:00s2021-02-11v600.00yBB